000 00596nam a2200205Ia 4500
005 20250508164355.0
008 008 250505s9999 xx 000 0 hin d
020 _a81-7119-841-4
037 _aTextual
040 _aFEDL
_beng
_cFEDL
041 _ahin
_2eng
084 _a891.434, MAN
_qFEDL
100 _aMonohar Prabhakar
_9777971
245 0 _aFeature lekhan : Swarup aur shilpa
260 _aNew Delhi, India
_bRadha Krishan Prakashan Private Limited
_c2005
300 _axii,123p
365 _aINR
_b160
942 _cTEXL
_h891.434, MAN
999 _c1388817
_d1388817